| 000 | 00000nam 2200000za 4500 |
| 001 | 9.642621 |
| 003 | CaOODSP |
| 005 | 20251103144802 |
| 007 | cr ||||||||||| |
| 008 | 150407|2010||||xxc|||||o f|0| 0 fre d |
| 040 | |aCaOODSP|bfre |
| 043 | |an-cn--- |
| 086 | 1 |aPS74-4/2010F-PDF |
| 245 | 00|aAspects sécuritaires de l'auto-isolation de diverses collectivités : |h[ressource électronique]|bfaits saillants d’une conférence organisée par le Service canadien du renseignement de sécurité (SCRS) dans le cadre du Global Futures Forum et tenue le 29 mars 2010 à Ottawa / |cRapporteur : Bilal Baloch. |
| 260 | |aOttawa - Ontario : |bService canadien du renseignement de sécurité |cNovembre 2010. |
| 300 | |a19p. |
| 590 | |a13-27-Supp|b2013-11-15 |
| 691 | 07|aCommunauté isolée|2gcpds |
| 691 | 07|aRenseignement de sécurité|2gcpds |
| 700 | 1 |aBaloch, Bilal. |
| 710 | 2 |aService canadien du renseignement de sécurité. |
| 775 | 08|tSecurity dimensions of self-isolating communities : |w(CaOODSP)9.698615 |
| 856 | 40|ahttp://publications.gc.ca|qPDF|s232 Ko|uhttps://publications.gc.ca/collections/collection_2013/scrs-csis/PS74-4-2010-fra.pdf |